<?xml version="1.0" encoding="UTF-8"?>
<record
    xmlns:xsi="http://www.w3.org/2001/XMLSchema-instance"
    xsi:schemaLocation="http://www.loc.gov/MARC21/slim http://www.loc.gov/standards/marcxml/schema/MARC21slim.xsd"
    xmlns="http://www.loc.gov/MARC21/slim">

  <leader>01236nam a22002297b 4500</leader>
  <controlfield tag="003">3228</controlfield>
  <controlfield tag="005">20250311090038.0</controlfield>
  <controlfield tag="008">250311b        sa a|||j |||| 00| 1 AFR d</controlfield>
  <datafield tag="020" ind1=" " ind2=" ">
    <subfield code="a">9780798181204</subfield>
    <subfield code="q">pbk</subfield>
  </datafield>
  <datafield tag="040" ind1=" " ind2=" ">
    <subfield code="a">RDA</subfield>
    <subfield code="c">OCLC</subfield>
  </datafield>
  <datafield tag="041" ind1=" " ind2=" ">
    <subfield code="2">A</subfield>
  </datafield>
  <datafield tag="082" ind1=" " ind2=" ">
    <subfield code="a">AJF PANT</subfield>
  </datafield>
  <datafield tag="100" ind1=" " ind2=" ">
    <subfield code="a">Pantermuller, Alice</subfield>
  </datafield>
  <datafield tag="245" ind1=" " ind2=" ">
    <subfield code="a">Lotta se lewe;</subfield>
    <subfield code="b">Slange en hansworse.</subfield>
    <subfield code="c">Alice Pantermuller</subfield>
  </datafield>
  <datafield tag="260" ind1=" " ind2=" ">
    <subfield code="a">Kaapstad;</subfield>
    <subfield code="b">Human &amp; Rousseau;</subfield>
    <subfield code="c">2020.</subfield>
  </datafield>
  <datafield tag="300" ind1=" " ind2=" ">
    <subfield code="a">155 pages;</subfield>
    <subfield code="b">Illustrations;</subfield>
    <subfield code="c">22 cm</subfield>
  </datafield>
  <datafield tag="490" ind1=" " ind2=" ">
    <subfield code="a">Lotta se lewe</subfield>
  </datafield>
  <datafield tag="500" ind1=" " ind2=" ">
    <subfield code="a">Lotta se klas moet 'n verkeidenheidskonsert hou, maar alles loop skeef. Juffrou Knacker het besluit wie saam met wie moet werk - en haar spanmaat is Benni! 'n rocker!. Chantelle werk saam met Skaapkop Leig-Anne (verraaier!) 'n klomp coolhondetoertjies en Remi ry op sy eenwielfiets, Maar Lotta moet hansworsstreke uithaal. Saam met Benni!. Dis onregverdig! Lotta ia dankbaar dat sy haar blokfluit het om te probeer keer dat sy haar naam met 'n plank slaan voor die hele skool. Dit is die een katastrofe na die ander in Lotta se lawwe lewe!. Haar avonture is altyd vol pret, humor en verrassings!</subfield>
  </datafield>
  <datafield tag="700" ind1=" " ind2=" ">
    <subfield code="a">Kohl, Daniela</subfield>
    <subfield code="e">Illustrator</subfield>
    <subfield code="9">149957</subfield>
  </datafield>
  <datafield tag="700" ind1=" " ind2=" ">
    <subfield code="a">Geldenhuys, Kobus</subfield>
    <subfield code="e">Translator</subfield>
  </datafield>
  <datafield tag="942" ind1=" " ind2=" ">
    <subfield code="2">ddc</subfield>
    <subfield code="c">BOOK</subfield>
    <subfield code="w">174</subfield>
    <subfield code="x">Sanet Schoeman</subfield>
    <subfield code="y">174</subfield>
    <subfield code="z">Sanet Schoeman</subfield>
  </datafield>
  <datafield tag="999" ind1=" " ind2=" ">
    <subfield code="c">772884</subfield>
    <subfield code="d">772883</subfield>
  </datafield>
  <datafield tag="952" ind1=" " ind2=" ">
    <subfield code="0">0</subfield>
    <subfield code="1">0</subfield>
    <subfield code="2">ddc</subfield>
    <subfield code="4">0</subfield>
    <subfield code="7">0</subfield>
    <subfield code="8">F</subfield>
    <subfield code="a">STANRL</subfield>
    <subfield code="b">VOLKL</subfield>
    <subfield code="c">CHILD</subfield>
    <subfield code="d">2025-03-11</subfield>
    <subfield code="l">0</subfield>
    <subfield code="o">AJF PANT</subfield>
    <subfield code="p">3228200038549</subfield>
    <subfield code="r">2025-03-11</subfield>
    <subfield code="w">2025-03-11</subfield>
    <subfield code="y">BOOK</subfield>
  </datafield>
</record>
